Vista normal Vista MARC

Entrada Geographic Name

Número de registros utilizados en: 1

001 - CONTROL NUMBER

  • control field: 60007

003 - CONTROL NUMBER IDENTIFIER

  • control field: OSt

005 - DATE AND TIME OF LATEST TRANSACTION

  • control field: 20250605154301.0

008 - FIXED-LENGTH DATA ELEMENTS

  • fixed length control field: 250605|| aca||aabn | a|a d

040 ## - CATALOGING SOURCE

  • Original cataloging agency: OSt
  • Transcribing agency: OSt

151 ## - HEADING--GEOGRAPHIC NAME

  • Geographic name: Europa
  • General subdivision: Historia
  • Chronological subdivision: 500-1500

670 ## - SOURCE DATA FOUND

  • Source citation: Work cat.: (OSt)57229: Le Goff, Jacques, 1924-2014., autor 60004, La edad media explicada a los jóvenes /









Instituto Departamental de Cultura del Meta - Red Departamental de Bibliotecas Públicas del Meta.